=LDR 00000nam 2200000 4500 =001 INLIS000000000022121 =990 ##$$a 30617803 =005 20210409092329 =990 ##$$a 30617804 =035 ##$$a 0010-061300000022121 =008 210409################g##########0#ind## =041 ##$$a Ind =082 ##$$a 344.05 =090 ##$$a 344.05, Him h =245 ##$$a Himpunan peraturan perundang-undangan lingkungan hidup =260 ##$$a Jakarta :$b Departemen Komunikasi dan Informatika RI,$c 2005 =300 ##$$a 175 hlm ; $c 21x14 cm =650 #4$$a Undang-undang lingkungan hidup =850 ##$$a NBPNMAT =084 ##$$a 344.05 HIM =250 ##$$a cet.1 =990 ##$$a 30617804 =990 ##$$a 30617803 =990 ##$$a 21606192 =990 ##$$a 30617804 =990 ##$$a 30617803